00963nam a22002777a 450000100040000000500170000400800410002102000390006202000270010104000230012805000240015108200160017510000220019124501010021325000120031426000380032630000510036450500080041552001020042352100200052552100200054565000480056565000260061365000130063970000330065266120230628151641.0230628b cb ||||| |||| 00| 0 eng d a0060229810 :c$15.00 ($19.95 Can.) a0060229829 (lib. bdg.) aDLCcDLCdDLCbeng00aQH541.14b.L38 199500a574.5/32201 aLauber, Patricia.10aWho eats what? :bfood chains and food webs /cby Patricia Lauber ; illustrated by Holly Keller. a1st ed. aNew York :bHarperCollins,c1995. a32 pages :bcolor illustrations ;c21 x 26 cm. aK  aExplains the concept of a food chain and how plants, animals, and humans are ecologically linked. a620 bLexile  aK bRaz-Plus  0aFood chains (Ecology)xJuvenile literature. 1aFood chains (Ecology) 1aEcology.1 aKeller, Holly,eillustrator.